| 000 | 01086pam a2200301 a 4500 | ||
|---|---|---|---|
| 001 | 015716918 | ||
| 003 | OSt | ||
| 005 | 20141002114522.0 | ||
| 008 | 101210s2011 xxk frb 001 0 eng d | ||
| 020 | _a9781849041270 (pbk.) | ||
| 020 | _a184904127X (pbk.) | ||
| 040 |
_aStDuBDS _beng _cStDuBDS _dUk _dEG-ScBUE |
||
| 043 | _aap----- | ||
| 082 | 0 | 0 |
_a355.0330536 _222 _bULR |
| 100 | 1 |
_aUlrichsen, Kristian _934763 |
|
| 245 | 1 | 0 |
_aInsecure Gulf : _bthe end of certainty and the transition to the post-oil era / _cKristian Coates Ulrichsen. |
| 260 |
_aLondon : _bHurst & company, _c2011. |
||
| 300 |
_axii, 232 p. ; _c22 cm. |
||
| 500 | _aIndex : p. 227-232. | ||
| 504 | _aBibliography : p. 217-226. | ||
| 650 | 0 |
_aNational security _zPersian Gulf Region _936144 |
|
| 651 | 0 |
_936145 _aPersian Gulf Region _xStrategic aspects |
|
| 651 | 0 |
_936146 _aPersian Gulf Region _xEconomic conditions _y21st century |
|
| 651 | 0 |
_936147 _aPersian Gulf Region _xPolitics and government _y21st century |
|
| 653 |
_bBUSBOL _cOctober2014 |
||
| 655 |
_vreading book _934232 |
||
| 942 |
_2ddc _k355.0330536 ULR |
||
| 999 |
_c18430 _d18402 |
||